[Event "Nizhnij Novgorod Voroniatov Memor 5th"]
[Site "Nizhnij Novgorod"]
[Date "2008.06.14"]
[Round "?"]
[White "Belitzky, Dmitri G"]
[Black "Lokshin, Grigory"]
[Result "1-0"]
[WhiteElo "2094"]
[BlackElo "1904"]
[PlyCount "59"]
[EventDate "2008.06.14"]
[EventType "swiss"]
[EventRounds "9"]
[EventCountry "RUS"]
[SourceTitle "EXT 2022"]
[Source "ChessBase"]
[SourceDate "2021.10.06"]
[SourceVersion "1"]
[SourceVersionDate "2021.10.06"]
[SourceQuality "1"]

1. e4 c6 2. d4 d5 3. e5 Bf5 4. Nf3 e6 5. Be2 Ne7 6. 0-0 h6 7. Bd3 Bxd3 8. Qxd3 Nf5 9. Rd1 Be7 10. c4 dxc4 11. Qxc4 Nd7 12. Nc3 0-0 13. Ne4 Nb6 14. Qb3 Qd5 15. Qd3 Rfd8 16. Nc3 Qc4 17. Qe4 c5 18. Be3 cxd4 19. Bxd4 Nxd4 20. Nxd4 Bc5 21. Ndb5 a6 22. Nd6 Bxd6 23. exd6 Qxe4 24. Nxe4 Rac8 25. Rac1 Nd7 26. Rc7 f5 27. Nc3 b6 28. f4 Kf7 29. Na4 Kf6 30. Rxd7 1-0

[Event "Nizhnij Novgorod Voroniatov Memor 5th"]
[Site "Nizhnij Novgorod"]
[Date "2008.06.14"]
[Round "?"]
[White "Pashkin, Viktor"]
[Black "Lokshin, Grigory"]
[Result "1-0"]
[WhiteElo "1945"]
[BlackElo "1904"]
[PlyCount "59"]
[EventDate "2008.06.14"]
[EventType "swiss"]
[EventRounds "9"]
[EventCountry "RUS"]
[SourceTitle "EXT 2022"]
[Source "ChessBase"]
[SourceDate "2021.10.06"]
[SourceVersion "1"]
[SourceVersionDate "2021.10.06"]
[SourceQuality "1"]

1. Nf3 d5 2. b3 Nf6 3. Bb2 Bf5 4. e3 e6 5. Nh4 Bg4 6. Nf3 Nbd7 7. Be2 Bd6 8. d4 0-0 9. Nbd2 c6 10. Ne5 Bxe2 11. Qxe2 Ne4 12. Nxe4 dxe4 13. 0-0 Bxe5 14. dxe5 Qg5 15. f4 exf3 16. Rxf3 Rad8 17. Rg3 Qe7 18. a4 Qc5 19. Ba3 Qxe5 20. Rb1 Rfe8 21. Bb2 Qe4 22. Bxg7 Nf8 23. Rg4 Qd5 24. Bf6+ Ng6 25. Rd4 Qa5 26. Rxd8 Rxd8 27. Bxd8 Qxd8 28. Rd1 Qe7 29. Qd2 Kg7 30. Qd4+ 1-0

[Event "Nizhnij Novgorod Dubinin Memorial 15th"]
[Site "Nizhnij Novgorod"]
[Date "2008.01.??"]
[Round "?"]
[White "Danov, Alexander"]
[Black "Lokshin, Grigory"]
[Result "1-0"]
[WhiteElo "2271"]
[BlackElo "1921"]
[PlyCount "41"]
[EventDate "2008.01.??"]
[EventType "swiss"]
[EventRounds "9"]
[EventCountry "RUS"]
[SourceTitle "CBM 122 Extra"]
[Source "ChessBase"]
[SourceDate "2008.03.04"]
[SourceVersion "1"]
[SourceVersionDate "2008.03.04"]
[SourceQuality "1"]

1. d4 Nf6 2. Nf3 g6 3. Bg5 Ne4 4. Bf4 Bg7 5. Nbd2 d5 6. c3 c5 7. e3 Qb6 8. Qb3 Nxd2 9. Nxd2 Qxb3 10. axb3 cxd4 11. exd4 Nc6 12. Bb5 Bd7 13. 0-0 0-0 14. Rfe1 Rfe8 15. b4 h6 16. Nb3 g5 17. Bg3 a6 18. Ba4 e6 19. Nc5 Bc8 20. Bb3 b5 21. Bxd5 1-0

[Event "Nizhnij Novgorod Dubinin Memorial 15th"]
[Site "Nizhnij Novgorod"]
[Date "2008.01.??"]
[Round "?"]
[White "Lokshin, Grigory"]
[Black "Chapygin, Sergey"]
[Result "0-1"]
[WhiteElo "1921"]
[BlackElo "2089"]
[PlyCount "50"]
[EventDate "2008.01.??"]
[EventType "swiss"]
[EventRounds "9"]
[EventCountry "RUS"]
[SourceTitle "CBM 122 Extra"]
[Source "ChessBase"]
[SourceDate "2008.03.04"]
[SourceVersion "1"]
[SourceVersionDate "2008.03.04"]
[SourceQuality "1"]

1. d4 Nf6 2. Bg5 g6 3. Nc3 Bg7 4. e4 d6 5. f3 c6 6. Qd2 b5 7. Bh6 Bxh6 8. Qxh6 b4 9. Nd1 Qb6 10. e5 Nd5 11. Qg7 Rf8 12. exd6 exd6 13. c3 bxc3 14. bxc3 Ba6 15. Bxa6 Nxa6 16. Ne2 0-0-0 17. 0-0 Nac7 18. c4 Ne6 19. Qxh7 Nxd4 20. Nxd4 Qxd4+ 21. Nf2 Nf4 22. Rfd1 Qc5 23. Qh4 g5 24. Qh7 Rfe8 25. Qc2 Re2 0-1

[Event "Nizhnij Novgorod Dubinin Memorial 15th"]
[Site "Nizhnij Novgorod"]
[Date "2008.01.??"]
[Round "?"]
[White "Lokshin, Grigory"]
[Black "Kolesnikov, Lev"]
[Result "1-0"]
[WhiteElo "1921"]
[BlackElo "1828"]
[PlyCount "85"]
[EventDate "2008.01.??"]
[EventType "swiss"]
[EventRounds "9"]
[EventCountry "RUS"]
[SourceTitle "CBM 122 Extra"]
[Source "ChessBase"]
[SourceDate "2008.03.04"]
[SourceVersion "1"]
[SourceVersionDate "2008.03.04"]
[SourceQuality "1"]

1. d4 e5 2. dxe5 Nc6 3. Nf3 Qe7 4. Nbd2 Nxe5 5. Nxe5 Qxe5 6. Nf3 Qa5+ 7. Bd2 Bb4 8. c3 Be7 9. e4 d6 10. a4 Nf6 11. Qc2 c6 12. b4 Qc7 13. c4 0-0 14. Bd3 Re8 15. 0-0 h6 16. Rad1 Bg4 17. Be2 Bf8 18. Bd3 Qe7 19. Rde1 Bxf3 20. gxf3 Rad8 21. f4 Kh8 22. f5 Ng4 23. f3 Ne5 24. f4 Nxd3 25. Qxd3 Qd7 26. b5 d5 27. cxd5 Bc5+ 28. Kh1 cxd5 29. e5 d4 30. Rc1 b6 31. h3 g6 32. fxg6 fxg6 33. Rg1 Rg8 34. Kh2 Qe6 35. Rce1 Rdf8 36. Re2 Rf5 37. h4 Kh7 38. Reg2 Rg7 39. Rg4 h5 40. Rg5 Rxg5 41. Rxg5 Kh6 42. Rg2 Qe7 43. f5+ 1-0

[Event "Nizhnij Novgorod Dubinin Memorial 15th"]
[Site "Nizhnij Novgorod"]
[Date "2008.01.??"]
[Round "?"]
[White "Lokshin, Grigory"]
[Black "Krashenov, Valery"]
[Result "0-1"]
[WhiteElo "1921"]
[BlackElo "1946"]
[PlyCount "122"]
[EventDate "2008.01.??"]
[EventType "swiss"]
[EventRounds "9"]
[EventCountry "RUS"]
[SourceTitle "CBM 122 Extra"]
[Source "ChessBase"]
[SourceDate "2008.03.04"]
[SourceVersion "1"]
[SourceVersionDate "2008.03.04"]
[SourceQuality "1"]

1. d4 d5 2. Nf3 Nf6 3. Bf4 e6 4. Nbd2 Bd6 5. Ne5 Nc6 6. e3 Ne7 7. Bd3 Ng6 8. Qf3 Nxf4 9. exf4 c5 10. dxc5 Bxc5 11. g4 Nd7 12. 0-0-0 Nxe5 13. fxe5 Bd7 14. Qe2 Qb6 15. f4 0-0-0 16. Kb1 Kb8 17. h4 g6 18. h5 a5 19. Nb3 Be7 20. c3 a4 21. Nd4 Rc8 22. Qd2 Bc5 23. Be2 Be7 24. Rh3 h6 25. hxg6 fxg6 26. Rdh1 g5 27. f5 Bf8 28. Bd3 Re8 29. f6 Rc8 30. Bg6 a3 31. b3 Qc7 32. Re1 Qb6 33. Qd3 Qa6 34. Qxa6 bxa6 35. Bf7 Bc5 36. Bxe6 Bxd4 37. Bxd7 Rxc3 38. Rxc3 Bxc3 39. Re2 Kc7 40. Bf5 Kb6 41. f7 Bb4 42. Kc2 Rf8 43. e6 Be7 44. Kd3 Kc6 45. Rc2+ Kd6 46. b4 Rb8 47. Rc3 Ke5 48. Rc7 Kf6 49. Kd4 Rxb4+ 50. Kxd5 Rb8 51. Ra7 Rc8 52. Rxa6 h5 53. Rc6 Rd8+ 54. Kc4 h4 55. Rb6 h3 56. Rb1 h2 57. Rf1 Kg7 58. Be4 Rd2 59. f8Q+ Bxf8 60. Rf7+ Kg8 61. Rh7 Re2 0-1

[Event "Nizhnij Novgorod Voroniatov Memor 4th"]
[Site "Nizhnij Novgorod"]
[Date "2007.06.11"]
[Round "?"]
[White "Grushin, Stanislav"]
[Black "Lokshin, Grigory"]
[Result "1-0"]
[WhiteElo "1924"]
[BlackElo "1921"]
[PlyCount "50"]
[EventDate "2007.06.11"]
[EventType "swiss"]
[EventRounds "9"]
[EventCountry "RUS"]
[SourceTitle "EXT 2022"]
[Source "ChessBase"]
[SourceDate "2021.10.06"]
[SourceVersion "1"]
[SourceVersionDate "2021.10.06"]
[SourceQuality "1"]

1. Nf3 d5 2. g3 Nf6 3. Bg2 g6 4. 0-0 Bg7 5. d3 0-0 6. Nbd2 c5 7. e4 Nc6 8. e5 Ng4 9. Nb3 b6 10. d4 cxd4 11. Nbxd4 Ngxe5 12. Nxe5 Nxe5 13. f4 Ng4 14. Nc6 Qc7 15. Bxd5 Bb7 16. Qf3 Bxc6 17. Bxc6 Rac8 18. Be4 Nf6 19. c3 Nxe4 20. Qxe4 Rfd8 21. Be3 Rd7 22. Rfd1 Rcd8 23. Re1 e6 24. Qc2 Qc4 25. a4 Bf8 1-0

[Event "Nizhnij Novgorod Voroniatov Memor 4th"]
[Site "Nizhnij Novgorod"]
[Date "2007.06.11"]
[Round "?"]
[White "Krashenov, Valery"]
[Black "Lokshin, Grigory"]
[Result "1-0"]
[WhiteElo "2007"]
[BlackElo "1921"]
[PlyCount "49"]
[EventDate "2007.06.11"]
[EventType "swiss"]
[EventRounds "9"]
[EventCountry "RUS"]
[SourceTitle "EXT 2022"]
[Source "ChessBase"]
[SourceDate "2021.10.06"]
[SourceVersion "1"]
[SourceVersionDate "2021.10.06"]
[SourceQuality "1"]

1. Nf3 d5 2. c4 c6 3. cxd5 cxd5 4. g3 Nf6 5. Bg2 Nc6 6. 0-0 e5 7. d3 Bd6 8. Nc3 0-0 9. Bg5 Be6 10. e4 d4 11. Nd5 Be7 12. Nxe7+ Qxe7 13. a3 b5 14. Rc1 Rfc8 15. b4 a5 16. Rc5 axb4 17. axb4 Rab8 18. Nxe5 Nxb4 19. Rxc8+ Rxc8 20. Nf3 h6 21. Bxf6 Qxf6 22. Qb1 Nxd3 23. Qxd3 Bc4 24. Qc2 d3 25. Qd2 1-0

[Event "Nizhnij Novgorod Voroniatov Memor 4th"]
[Site "Nizhnij Novgorod"]
[Date "2007.06.11"]
[Round "?"]
[White "Pristalov, Evgeny"]
[Black "Lokshin, Grigory"]
[Result "1-0"]
[WhiteElo "1813"]
[BlackElo "1921"]
[PlyCount "51"]
[EventDate "2007.06.11"]
[EventType "swiss"]
[EventRounds "9"]
[EventCountry "RUS"]
[SourceTitle "EXT 2022"]
[Source "ChessBase"]
[SourceDate "2021.10.06"]
[SourceVersion "1"]
[SourceVersionDate "2021.10.06"]
[SourceQuality "1"]

1. e4 c6 2. d4 d5 3. Nc3 dxe4 4. Nxe4 Nf6 5. Nxf6+ gxf6 6. g3 Qd5 7. Nf3 Bg4 8. Bg2 e5 9. 0-0 e4 10. Re1 Nd7 11. c4 Qxc4 12. Rxe4+ Be6 13. Bf4 0-0-0 14. Re3 Nb6 15. b3 Qd5 16. a4 Bg4 17. a5 Na8 18. h3 Bh5 19. a6 Bd6 20. axb7+ Kxb7 21. Bxd6 Qxd6 22. b4 Nc7 23. Qa4 Nb5 24. Ne5 fxe5 25. Qxb5+ Kc8 26. Bxc6 1-0